000 00517nam a2200181Ia 4500
005 20250508151452.0
008 008 250505s9999 xx 000 0 eng d
037 _aTextual
040 _aFEDL
_beng
_cFEDL
041 _aeng
_2eng
084 _a364.4, ABR
_qFEDL
100 _aAbrahamsen David
245 0 _aWho are the guilty? : A study of education and cirme
260 _aLondon, UK
_bVictor Gollancz Ltd.
_c1954
300 _aix,340p.
942 _cTEXL
_h364.4, ABR
999 _c1330000
_d1330000